000 00976nmc a2200337 a 4500
003 AR-BaBNM
005 20251128204811.0
008 106019s1993 ||||||||||||||000 | spa||
020 _a84-7288-130 X
040 _cAR-BaBNM
100 1 _aOtero, José María
245 1 0 _aEconometría
_bseries temporales y predicción
260 _aMadrid
_bAC
_c1993
300 0 _a487 p.
_bcuadros, tablas, diagr.
490 0 _aLibros científicos y técnicos
500 0 _aAnexos en p. 446-471
500 0 _aIndice analítico en p. 475-484
500 0 _aIndice de autores en p. 485-487
500 0 _aTablas estadísticas al finalizar el texto
650 4 _aINVESTIGACION ECONOMICA
650 4 _aECONOMETRIA
650 4 _aMETODOLOGIA
650 4 _aMACROECONOMIA
650 4 _aMODELOS ECONOMICOS
650 4 _aEMPRESAS
650 4 _aECONOMIA DE LA EMPRESA
650 4 _aINDICADORES SOCIOECONOMICOS
650 4 _aMODELOS ECONOMICOS
942 _cBK
998 _cGLORIA
999 _c8878
_d8878